[Event "Athens of East GM-Open 2019"]
[Site "Madurai"]
[Date "2019.08.13"]
[Round "4.3"]
[White "Konguvel, Ponnuswamy"]
[Black "Tukhaev, Adam"]
[Result "1/2-1/2"]
[WhiteElo "2343"]
[BlackElo "2541"]
[Annotator "TA"]
[PlyCount "92"]
[EventDate "2019.08.11"]
[EventType "swiss"]
[EventCountry "IND"]
[SourceTitle "playchess.com"]
[Source "ChessBase"]
[SourceQuality "1"]

{[%evp 14,92,37,23,35,20,27,25,30,16,25,22,22,0,68,-73,-66,-61,-62,-68,-55,-77,-66,-75,-74,-60,-63,-78,-71,-97,-89,-108,-108,-108,-102,-101,-87,-87,-84,-81,-69,-91,-98,-85,-69,-76,-74,-105,-111,-121,-120,-120,-120,-120,-114,-120,-120,-119,-116,-108,-90,-115,-97,-104,-94,-125,-105,-242,-234,-229,-25,-23,-16,-24,-25,-21,-13,-13,0,0,0]} 1. e4 c5 2. Nf3 e6 3. d4 cxd4 4. Nxd4 Nc6 5. Nc3 Qc7 6. Be3 a6 7. Qd2 Nf6 8. O-O-O Be7 {B48: Sicilian: Taimanov: 5 Nc3 Qc7 6 Be3 a6 without Be2} 9. f3 b5 10. g4 Nxd4 {White has an edge.} 11. Bxd4 Bb7 12. g5 (12. Kb1 O-O 13. Rg1 Rac8 14. h4 Rfd8 15. Bh3 Ne8 16. g5 {½-½ (30) Dominguez Perez,L (2739)-Shankland,S (2731) Saint Louis 2019}) 12... Nh5 13. Be5 Qc6 (13... Qxe5 $11 14. Qxd7+ {[%mdl 64] Double Attack} Kf8 15. Qxb7 Bxg5+ 16. Kb1 Qb8) 14. Bd6 $146 (14. a3 $14) ({Predecessor:} 14. Kb1 O-O 15. a3 Rfd8 16. Be2 {½-½ (47) Polovnikov,Y (2355)-Leal,P (2343) ICCF email 2013}) 14... Bxd6 $17 15. Qxd6 Qxd6 16. Rxd6 h6 17. h4 Nf4 18. Rg1 hxg5 19. hxg5 Ke7 20. Rd2 Rh4 21. Ne2 d5 22. Nxf4 Rxf4 {[%mdl 64] [#] Double Attack} 23. exd5 Bxd5 24. Be2 g6 ({Inferior is} 24... Bxa2 25. b3 $16) 25. b3 Rh8 26. Rg4 Rh4 27. Kb2 Rhxg4 28. fxg4 {[%mdl 4096] Endgame KRB-KRB} Rf2 {White must now prevent ...Bf3.} 29. Kc3 Kd6 30. Kd3 {Threatens to win with c4.} Ke5 {...Kf4 is the strong threat.} 31. c4 {[#]} bxc4+ $1 32. bxc4 Be4+ 33. Ke3 Rh2 34. Rd7 Rh3+ 35. Kd2 Ra3 36. Rxf7 Rxa2+ 37. Ke3 Ra3+ 38. Kd2 a5 {[%cal Ba6a5,Ba5a4][%mdl 32]} 39. Rd7 a4 40. c5 (40. Bd1 $17 {keeps fighting.}) 40... Ra2+ $19 41. Ke3 Rc2 $2 (41... Bd5 $19 {Strongly threatening ...a3.} 42. Ra7 a3) 42. Ra7 $11 Bc6 43. Bd3 Rc3 44. Kd2 Rxc5 {The position is equal.} 45. Bxg6 Kf4 46. Bf7 Kxg5 {Accuracy: White = 53%, Black = 74%.} 1/2-1/2

[Event "Athens of East GM-Open 2019"]
[Site "Madurai"]
[Date "2019.08.13"]
[Round "4.4"]
[White "Raja Rithvik R"]
[Black "Mosadeghpour, Masoud"]
[Result "1/2-1/2"]
[WhiteElo "2357"]
[BlackElo "2494"]
[Annotator "RC"]
[PlyCount "102"]
[EventDate "2019.08.11"]
[EventType "swiss"]
[EventCountry "IND"]
[SourceTitle "playchess.com"]
[Source "ChessBase"]
[SourceQuality "1"]
[TimeControl "5400+30"]

1. d4 {[%emt 0:00:00]} d5 {[%emt 0:10:29]} 2. c4 {[%emt 0:00:00]} e6 {[%emt 0:00:19]} 3. Nc3 {[%emt 0:00:02]} Nf6 {[%emt 0:00:08]} 4. cxd5 {[%emt 0:00:09]} exd5 {[%emt 0:00:06]} 5. Bg5 {[%emt 0:00:07]} Be7 {[%emt 0:02:18]} 6. e3 {[%emt 0:00:19]} h6 {[%emt 0:02:19]} 7. Bh4 {[%emt 0:00:14]} O-O {[%emt 0:01:23]} 8. Bd3 {[%emt 0:00:41]} c5 {[%emt 0:04:23]} 9. dxc5 {[%emt 0:01:39]} Nbd7 {[%emt 0:00:47]} 10. Nf3 {[%emt 0:04:18]} Nxc5 {[%emt 0:00:36]} 11. O-O {[%emt 0:01:13]} Bg4 {[%emt 0:05:19]} 12. Be2 {[%emt 1:27:18]} Nce4 {[%emt 0:03:39]} 13. Nxe4 {[%emt 0:00:00]} dxe4 {[%emt 0:00:52]} 14. Nd4 {[%emt 0:00:00]} Bxe2 {[%emt 0:04:55]} 15. Qxe2 {[%emt 0:00:00]} Qd5 {[%emt 0:12:10]} 16. Rfd1 {[%emt 0:00:00]} a6 {[%emt 0:07:44]} 17. Rac1 {[%emt 0:00:00]} Rac8 {[%emt 0:04:17]} 18. a3 {[%emt 0:00:00]} Rfd8 {[%emt 0:03:00]} 19. h3 {[%emt 0:00:00]} Kh7 {[%emt 0:08:45]} 20. Rc2 {[%emt 0:00:00]} Rxc2 {[%emt 0:09:42]} 21. Qxc2 {[%emt 0:00:00]} g5 {[%emt 0:03:47]} 22. Bg3 {[%emt 0:00:00]} Nh5 {[%emt 0:00:38]} 23. Rd2 {[%emt 0:00:00]} Nxg3 {[%emt 0:11:02]} 24. fxg3 {[%emt 0:00:00]} Bc5 {[%emt 0:00:26]} 25. b4 {[%emt 0:00:00]} Bb6 {[%emt 0:00:34]} 26. g4 {[%emt 0:00:00]} Qe5 {[%emt 0:01:13]} 27. Qc4 {[%emt 0:00:00]} Kg6 {[%emt 0:02:04]} 28. Rf2 {[%emt 0:00:00]} Qd5 {[%emt 0:00:04]} 29. Qxd5 {[%emt 0:00:00]} Rxd5 {[%emt 0:00:02]} 30. Rd2 {[%emt 0:00:00]} Kf6 {[%emt 0:01:27]} 31. Rf2+ {[%emt 0:00:00]} Ke7 {[%emt 0:00:26]} 32. Rf5 {[%emt 0:01:11]} Rd7 {[%emt 0:00:33]} 33. Re5+ {[%emt 0:03:27]} Kd6 {[%emt 0:00:07]} 34. Rf5 {[%emt 0:00:57]} Ke7 {[%emt 0:00:39]} 35. Re5+ {[%emt 0:00:05]} Kd6 {[%emt 0:00:06]} 36. Rf5 {[%emt 0:00:04]} Bxd4 {[%emt 0:01:07]} 37. exd4 {[%emt 0:00:01]} Kc6 {[%emt 0:00:16]} 38. Rc5+ {[%emt 0:02:44]} Kb6 {[%emt 0:00:01]} 39. d5 {[%emt 0:03:43]} Rc7 {[%emt 0:00:01]} 40. d6 {[%emt 0:00:14]} Rd7 {[%emt 0:00:04]} 41. Re5 {[%emt 0:01:28]} Rxd6 {[%emt 0:00:09]} 42. Rxe4 {[%emt 0:00:00]} Rd1+ {[%emt 0:02:19]} 43. Kh2 {[%emt 0:00:55]} Ra1 {[%emt 0:00:15]} 44. Re3 {[%emt 0:00:31]} Rf1 {[%emt 0:00:56]} 45. Re5 {[%emt 0:00:37]} Kc6 {[%emt 0:00:31]} 46. Rc5+ {[%emt 0:00:28]} Kb6 {[%emt 0:00:28]} 47. Re5 {[%emt 0:00:28]} f6 {[%emt 0:00:30]} 48. Rd5 {[%emt 0:00:24]} Ra1 {[%emt 0:00:22]} 49. Ra5 {[%emt 0:00:39]} Ka7 {[%emt 0:00:35]} 50. b5 {[%emt 0:00:31]} Rd1 {[%emt 0:00:36]} 51. bxa6 {[%emt 0:00:06]} b6 {[%emt 0:00:28]} 1/2-1/2

[Event "Athens of East GM-Open 2019"]
[Site "Madurai"]
[Date "2019.08.13"]
[Round "4.5"]
[White "Rathnakaran, K.."]
[Black "Venkatesh, M.R."]
[Result "0-1"]
[WhiteElo "2344"]
[BlackElo "2480"]
[Annotator "TA"]
[PlyCount "52"]
[EventDate "2019.08.11"]
[EventType "swiss"]
[EventCountry "IND"]
[SourceTitle "playchess.com"]
[Source "ChessBase"]
[SourceQuality "1"]

{[%evp 10,52,6,15,15,-10,4,1,18,-14,-8,-20,-10,-10,-17,-110,-85,-166,-175,-175,-172,-180,-184,-177,-176,-189,-168,-199,-197,-202,-176,-233,-251,-209,-235,-343,-343,-477,-471,-523,-518,-555,-543,-620,-604]} 1. e4 e5 2. Nf3 Nc6 3. Bc4 Nf6 4. d3 Bc5 5. Nc3 h6 6. a3 d6 {C50: Hungarian Defence and Giuoco Pianissimo} 7. Ba2 $146 ({Predecessor:} 7. Na4 Bb6 8. h3 Be6 9. Bxe6 fxe6 10. O-O O-O 11. b4 Qd7 12. c3 Qf7 13. Nxb6 axb6 14. a4 {½-½ (29) Riazantsev,A (2659)-Matlakov,M (2714) Sochi 2017}) 7... Bb6 8. h3 Be6 {The position is equal.} 9. Nd5 Bxd5 10. exd5 Ne7 11. c4 O-O 12. g4 (12. O-O $11 {remains equal.}) 12... e4 13. Nh2 (13. Nh4 $17 {might work better.}) 13... exd3 $19 14. Qxd3 Ng6 {aiming for ...Re8+.} 15. O-O {[#]} Re8 $1 16. Bd2 {[#]} Ne4 $1 {White must now prevent ...Qh4.} 17. Rae1 Nxd2 18. Rxe8+ Qxe8 19. Qxd2 Qe5 20. Kh1 (20. Bb1 $142) 20... Re8 21. Bb1 Qe2 22. Qc3 (22. Qxe2 $142 Rxe2 23. b4) 22... Nf4 ({Weaker is} 22... Bxf2 23. Bd3 $17) 23. Qg3 Qxc4 {Black is clearly winning.} 24. g5 Qxd5+ 25. Nf3 hxg5 26. Kh2 Qb5 {Accuracy: White = 30%, Black = 70%.} 0-1

[Event "Athens of East GM-Open 2019"]
[Site "Madurai"]
[Date "2019.08.13"]
[Round "4.6"]
[White "Kiran, Manisha Mohanty"]
[Black "Khusenkhojaev, Muhammad"]
[Result "1-0"]
[WhiteElo "2054"]
[BlackElo "2441"]
[Annotator "TA"]
[PlyCount "123"]
[EventDate "2019.08.11"]
[EventType "swiss"]
[EventCountry "IND"]
[SourceTitle "playchess.com"]
[Source "ChessBase"]
[SourceQuality "1"]

{[%evp 13,123,0,0,-12,-19,-13,-11,-23,26,0,25,27,17,13,42,1,79,78,88,44,49,0,0,-6,80,85,84,99,166,169,181,70,169,174,171,-27,0,0,0,0,0,-73,0,-54,0,0,0,-20,-8,-14,-16,-8,-8,-8,-8,-12,-8,-3,-8,-8,-1,-225,-126,-128,-99,-99,-89,-89,-89,-98,-71,-559,-570,-551,-182,-208,-16,-16,-16,-29,0,0,0,0,0,0,0,0,0,0,0,0,0,0,0,0,5972,5018,29955,29950,29963,29964,29958,376,397,0,8,8,29968,29969,29969,29968]} 1. e4 c5 2. Nf3 d6 3. d4 cxd4 4. Nxd4 Nf6 5. Nc3 a6 6. Bg5 e6 7. Qe2 Be7 8. h4 {B95: Sicilian Najdorf: 6 Bg5 e6, unusual White 7th moves} (8. f4 h6 9. Bxf6 Bxf6 10. O-O-O Qc7 11. Qd2 Bd7 12. Kb1 b5 13. g4 b4 14. Nce2 Nc6 15. Nf3 Be7 16. h4 a5 {½-½ (48) Jobava,B (2669)-Yilmaz,M (2622) Izmir 2016}) 8... b5 9. a3 h6 10. Bd2 {The position is equal.} Bb7 (10... e5 {is interesting.} 11. Nb3 Be6 12. Qf3 O-O 13. Bd3 Nbd7) 11. O-O-O Nc6 $146 ({Predecessor:} 11... Nbd7 12. g4 Ne5 13. Bh3 Qb6 14. Be1 Ng6 15. f3 Nf4 {½-½ (30) Kavaliauskas,M (2413)-Malzinskas,N (2480) ICCF corr 1996}) 12. Nxc6 Bxc6 13. Rh3 h5 14. Bg5 Ng4 (14... Qc7 $11) 15. Bxe7 $16 Qxe7 16. f3 Ne5 17. f4 Ng4 $1 18. Rhd3 $36 {[%mdl 2048] White fights for an advantage.} Qxh4 (18... O-O $11 {keeps the balance.}) 19. g3 Qe7 20. Rxd6 Qb7 (20... Rc8 $16 {is a better defense.}) 21. Bh3 $18 Nf6 22. R1d4 ({White should play} 22. Bg2 $18) 22... O-O (22... Kf8 $14) 23. e5 $1 {[%cal Re5f6]} Ne8 24. Rd8 $2 (24. Rxc6 $18 Qxc6 25. Rd1) 24... Rxd8 (24... Qb6 $5 {[%cal Ra8d8]} 25. Rxa8 Qxd4 26. Rxa6 Bb7 $11) 25. Rxd8 g6 26. Qe3 Ng7 27. Rd6 (27. Rxf8+ $11 {remains equal.} Kxf8 28. Qc5+ Kg8 29. Qf2) 27... Rc8 (27... a5 $1 $17) 28. g4 (28. b4 $11) 28... hxg4 (28... a5 $15) 29. Bxg4 $11 a5 {White should prevent ...b4.} 30. Qd3 b4 31. Rd8+ Rxd8 32. Qxd8+ {[%mdl 64] Double Attack} Be8 33. axb4 axb4 {White must now prevent ...Qg2.} 34. Nd1 Qg2 35. Qh4 Qg1 36. Be2 Qb6 37. Nf2 $2 (37. Bf3 $11 {and White is okay.}) 37... Nf5 (37... Qe3+ $1 $19 38. Kd1 b3) 38. Qh2 $17 Qe3+ 39. Kd1 Qd4+ 40. Kc1 Ne3 $1 41. Bd3 Nd5 {Threatens to win with ...Qe3+.} 42. Nh3 $2 {[%mdl 8192]} (42. Ng4 $17 {is more resistant.}) 42... Qe3+ $19 43. Kd1 {[#] If White can now play Ng5 this consolidates a bit.} b3 $1 {[%mdl 512]} 44. Ng5 {If only White now had time for Bxg6....} (44. cxb3 Qxd3+) 44... Qxf4 $2 ({Resist} 44... bxc2+ 45. Bxc2 Kg7 46. Qh7+ Kf8 47. Qh6+ Ke7 48. Qh4 $17) ({Black should try} 44... Qd4 $1 $19 45. Kc1 Nb4) 45. Qxf4 $11 Nxf4 46. Kd2 Nxd3 (46... bxc2 {keeps more tension.} 47. Bxc2 Kg7 48. Be4 Kh6 49. Nf3 Bb5) 47. cxd3 {[%mdl 4096] Endgame KB-KN} Bc6 48. Ke3 Kg7 49. Kf4 Bd5 50. d4 Kf8 51. Nh7+ Ke7 52. Kg5 Be4 53. Kh6 Bf5 54. Kg7 Kd7 $2 {[%mdl 8192]} (54... Be4 $11) 55. Kxf7 $18 Kc6 {[#]} 56. Nf6 $1 Kb5 57. d5 exd5 58. Nxd5 $2 (58. e6 {mates} Bxe6+ 59. Kxe6 Kc5 60. Nxd5 Kd4 61. Nb6 Kd3 62. Kf6 Kc2 63. Na4) 58... Kc5 {[#]} 59. Ne3 $2 (59. Ne7 $1 $18 {[%cal Re7f5]} Bg4 60. Nxg6) 59... Bc8 60. e6 {e7 is the strong threat.} Bxe6+ $2 {[%mdl 8192]} (60... g5 $11) 61. Kxe6 Kd4 62. Nd1 {Accuracy: White = 47%, Black = 35%.} 1-0

[Event "Athens of East GM-Open 2019"]
[Site "Madurai"]
[Date "2019.08.13"]
[Round "4.7"]
[White "Gupta, Abhijeet"]
[Black "Lokesh, N.."]
[Result "1-0"]
[WhiteElo "2603"]
[BlackElo "2202"]
[Annotator "TA"]
[PlyCount "65"]
[EventDate "2019.08.11"]
[EventType "swiss"]
[EventCountry "IND"]
[SourceTitle "playchess.com"]
[Source "ChessBase"]
[SourceQuality "1"]

{[%evp 19,65,22,56,51,114,35,30,29,53,16,24,0,4,4,4,7,4,0,42,33,26,-20,-13,-11,-11,-3,-2,-6,12,0,0,0,31,31,377,387,390,390,386,389,389,389,388,382,375,371,360,342]} 1. d4 Nf6 2. c4 e6 3. Nc3 d5 4. cxd5 exd5 5. Bg5 Be7 6. e3 Nbd7 7. Bd3 O-O 8. Qc2 b6 9. Nf3 Bb7 10. O-O Ne4 11. Bf4 {D55: Queen's Gambit Declined: 4 Bg5 Be7: Lines without ...h6 and 6...h6 7 Bxf6} Ndf6 (11... Nef6 $14) (11... Nxc3 12. Bxh7+ Kh8 13. bxc3 g6 14. Bxg6 fxg6 15. Qxg6 Bf6 16. Qh6+ Kg8 17. Qg6+ Kh8 18. Qh6+ {½-½ (18) Wemmers,X (2353)-Van der Stricht,G (2403) Belgium 2012}) 12. Ne5 (12. Bxc7 $1 $16 Qxc7 13. Nxe4 {[%mdl 64] Discovered Attack} Qxc2 14. Nxf6+ {[%mdl 64] Discovered Attack} Bxf6 15. Bxc2) 12... c5 $14 13. dxc5 {White has an edge.} Bxc5 $146 ({Predecessor:} 13... Nxc5 14. Be2 Bd6 15. Bg3 Nce4 16. Nf3 Nxg3 17. hxg3 Rc8 18. Qa4 a6 {0-1 (43) Hoile,R (1904)-Zvedeniouk,I (2123) Adelaide 2007}) 14. Rfd1 Nxc3 15. bxc3 (15. Qxc3 {is more complex.} Qe7 16. h3 Rfe8 17. Qb3 Bd6 18. Nf3) 15... Qe7 16. Nf3 Ne4 17. a4 Rac8 18. Qb2 g5 (18... a6 {feels hotter.} 19. Be5 Rfd8 20. Bd4 h6 21. h3 Rd6) 19. Bxe4 $1 gxf4 20. Bxd5 Bxd5 21. Rxd5 fxe3 22. fxe3 Bxe3+ 23. Kh1 {Re5 is the strong threat.} Qf6 24. Ne5 {next Nd7 is good for White.} Rfe8 25. Nd7 Qe6 {[#]} 26. c4 $1 {[%mdl 512]} Rxc4 $2 {[%mdl 8192]} (26... Rc6 $14) 27. Nf6+ $18 {[%mdl 64] Double Attack. White is winning.} Kf8 {Strongly threatening ...Bc1!} 28. Nxh7+ ({Stronger than} 28. Nxe8 Qxd5 29. Nf6 (29. Qh8+ Ke7 $17) 29... Qf5 $17) 28... Kg8 29. Nf6+ {[%mdl 64] Double Attack} Kf8 {[#] Hoping for ...Bc1!} 30. Re5 $1 {[%cal Re5e6][%mdl 576] Deflection, Decoy} Qxe5 31. Nd7+ {[%mdl 64] Double Attack} Kg7 32. Nxe5 Bd4 33. Nxc4 {Accuracy: White = 63%, Black = 49%.} 1-0

[Event "Athens of East GM-Open 2019"]
[Site "Madurai"]
[Date "2019.08.13"]
[Round "4.8"]
[White "Vasquez Schroeder, Rodrigo"]
[Black "Lakshmi Narayanan M V"]
[Result "1-0"]
[WhiteElo "2496"]
[BlackElo "2166"]
[Annotator "RC"]
[PlyCount "84"]
[EventDate "2019.08.11"]
[EventType "swiss"]
[EventCountry "IND"]
[SourceTitle "playchess.com"]
[Source "ChessBase"]
[SourceQuality "1"]
[TimeControl "5400+30"]

1. Nf3 {[%emt 0:00:00]} Nf6 {[%emt 0:00:00]} 2. c4 {[%emt 0:00:00]} b6 {[%emt 0:00:35]} 3. g3 {[%emt 0:02:07]} e6 {[%emt 0:00:43]} 4. Bg2 {[%emt 0:00:11]} Bb7 {[%emt 0:00:33]} 5. O-O {[%emt 0:00:12]} Be7 {[%emt 1:30:39]} 6. d4 {[%emt 0:04:41]} O-O {[%emt 0:00:00]} 7. Re1 {[%emt 0:00:25]} d5 {[%emt 0:00:00]} 8. cxd5 {[%emt 0:01:55]} exd5 {[%emt 0:00:00]} 9. Nc3 {[%emt 0:00:33]} Nbd7 {[%emt 0:00:00]} 10. Bf4 {[%emt 0:03:52]} c6 {[%emt 0:00:00]} 11. Qc2 {[%emt 0:01:08]} Bb4 {[%emt 0:00:00]} 12. a3 {[%emt 0:01:18]} Bxc3 {[%emt 0:00:00]} 13. Qxc3 {[%emt 0:00:05]} Ne4 {[%emt 0:00:00]} 14. Qc2 {[%emt 0:00:13]} c5 {[%emt 0:00:00]} 15. Rad1 {[%emt 0:02:59]} Qe7 {[%emt 0:00:00]} 16. dxc5 {[%emt 0:08:16]} Ndxc5 {[%emt 0:00:00]} 17. Nd4 {[%emt 0:05:34]} Rac8 {[%emt 0:00:00]} 18. Qb1 {[%emt 0:00:09]} Qf6 {[%emt 0:00:00]} 19. Bh3 {[%emt 0:12:15]} Ne6 {[%emt 0:00:00]} 20. Be3 {[%emt 0:00:43]} Rc4 {[%emt 0:00:00]} 21. Nxe6 {[%emt 0:12:01]} fxe6 {[%emt 0:00:00]} 22. f3 {[%emt 0:02:12]} Nd6 {[%emt 0:00:00]} 23. b3 {[%emt 0:03:06]} Rc7 {[%emt 0:00:00]} 24. Rc1 {[%emt 0:05:42]} Re7 {[%emt 0:00:00]} 25. Qd3 {[%emt 0:03:13]} e5 {[%emt 0:00:00]} 26. Rf1 {[%emt 0:00:31]} d4 {[%emt 0:00:00]} 27. Bd2 {[%emt 0:00:23]} Rd8 {[%emt 0:00:00]} 28. a4 {[%emt 0:05:08]} Nf7 {[%emt 0:00:00]} 29. Bb4 {[%emt 0:01:13]} Ree8 {[%emt 0:00:00]} 30. Rc7 {[%emt 0:00:59]} Ng5 {[%emt 0:00:00]} 31. Bd7 {[%emt 0:06:28]} Bd5 {[%emt 0:03:39]} 32. Bxe8 {[%emt 0:04:04]} Rxe8 {[%emt 0:00:18]} 33. Qb5 {[%emt 0:03:50]} Bf7 {[%emt 0:01:59]} 34. Be7 {[%emt 0:02:56]} Nh3+ {[%emt 0:01:24]} 35. Kg2 {[%emt 0:00:16]} Qh6 {[%emt 0:06:39]} 36. Qxe5 {[%emt 0:03:06]} d3 {[%emt 0:00:40]} 37. exd3 {[%emt 0:05:01]} Be6 {[%emt 0:00:14]} 38. Re1 {[%emt 0:00:17]} Bc8 {[%emt 0:01:06]} 39. Re2 {[%emt 0:01:10]} Qg6 {[%emt 0:00:25]} 40. Re4 {[%emt 0:00:50]} h5 {[%emt 0:00:25]} 41. Rxc8 {[%emt 0:00:26]} Rxc8 {[%emt 0:00:05]} 42. Kxh3 {[%emt 0:00:04]} Re8 {[%emt 0:00:51]} 1-0

[Event "Athens of East GM-Open 2019"]
[Site "Madurai"]
[Date "2019.08.13"]
[Round "4.9"]
[White "Shyaamnikhil P"]
[Black "Sarath Chandra K"]
[Result "1-0"]
[WhiteElo "2456"]
[BlackElo "1737"]
[Annotator "TA"]
[PlyCount "111"]
[EventDate "2019.08.11"]
[EventType "swiss"]
[EventCountry "IND"]
[SourceTitle "playchess.com"]
[Source "ChessBase"]
[SourceQuality "1"]

{[%evp 9,111,12,0,0,11,13,26,0,0,-31,-39,-29,-27,-52,-49,-107,-79,-111,-134,-136,-103,-127,-98,-85,-69,-144,-39,-74,-72,-80,0,-7,19,0,0,0,22,0,0,-16,-26,-13,0,-11,29,43,37,12,40,14,53,58,120,76,150,129,127,121,114,129,289,289,395,297,439,422,383,322,359,350,368,315,412,375,373,360,310,320,535,526,479,272,356,339,340,336,349,350,338,357,555,555,555,555,850,834,1767,944,872,730,940,661,1229,625]} 1. e4 c6 2. d4 d5 3. e5 Bf5 4. h4 h5 5. Bd3 Bxd3 6. Qxd3 {B12: Caro-Kann: Advance Variation} Qa5+ 7. c3 {Black must now prevent e6!} Qa6 8. Qf3 {White has an edge.} e6 9. Ne2 c5 10. O-O Nc6 11. Be3 $146 ({Predecessor:} 11. Rd1 Nge7 12. Ng3 g6 {½-½ (53) Anand,V (2779)-Vidit,S (2689) Doha 2016}) 11... Nge7 12. Nf4 ({White should try} 12. g3 $15) 12... O-O-O 13. Rd1 Nf5 14. g3 Be7 15. Na3 g5 16. hxg5 Bxg5 17. Nc2 (17. Nxe6 $15 fxe6 18. Bxg5) 17... h4 (17... cxd4 $17 18. Bxd4 h4) 18. g4 cxd4 19. cxd4 Bxf4 (19... Nxe3 $17 20. Nxe3 Rhf8) 20. Bxf4 $11 Rdg8 21. Kh2 $36 {[%mdl 2048] White has good play.} Nfe7 22. Kh3 Rg6 23. Qd3 Qb6 24. Qc3 Rhg8 25. f3 f6 26. b4 fxe5 (26... f5 $5 {[%cal Rf5g4]} 27. g5 R6g7 $11) 27. Bxe5 Kd7 28. Bh2 Rc8 29. Qc5 Qxc5 30. dxc5 Rf8 (30... Rf6 $14 31. f4 Rf7) 31. f4 b5 (31... a5 $142) 32. cxb6 axb6 33. b5 Na5 34. Ne3 Nb7 $2 {[#]} (34... Rgf6 $16) 35. Nc4 $1 $18 Rgg8 36. Nxb6+ Ke8 (36... Kc7 {was necessary.}) 37. a4 {[%cal Ba2a4,Ba4a5,Ba5a6][%mdl 32]} Nd6 38. a5 Nxb5 39. a6 Nc6 40. Rdc1 Nba7 41. Re1 Kf7 42. Nd7 Rd8 43. Nc5 Rge8 $2 {[#]} (43... Nd4 44. Reb1 Ndb5) 44. Rab1 Re7 45. Kxh4 (45. Rb7 $142) 45... d4 46. Nd3 Rd5 47. Bg1 Ra5 48. Ra1 Rb5 49. Reb1 Re8 (49... Rd7 $142 50. Rxb5 Nxb5) 50. Rxb5 {White is clearly winning.} Nxb5 51. Rb1 Nba7 52. Rb7+ Re7 53. Kg3 Ke8 54. g5 Rd7 55. Nc5 Rd5 56. Nxe6 {Accuracy: White = 50%, Black = 36%.} 1-0

[Event "Athens of East GM-Open 2019"]
[Site "Madurai"]
[Date "2019.08.13"]
[Round "4.10"]
[White "Karthikeyan, P.."]
[Black "Nikhil Magizhnan"]
[Result "1/2-1/2"]
[WhiteElo "2415"]
[BlackElo "2164"]
[Annotator "TA"]
[PlyCount "100"]
[EventDate "2019.08.11"]
[EventType "swiss"]
[EventCountry "IND"]
[SourceTitle "playchess.com"]
[Source "ChessBase"]
[SourceQuality "1"]

{[%evp 16,100,28,17,85,93,97,92,92,89,90,85,69,72,87,58,71,67,71,49,71,61,66,60,88,81,87,84,94,86,93,85,91,89,112,41,42,33,45,40,89,89,89,89,89,89,94,61,60,60,60,24,29,24,34,27,91,87,91,60,130,91,116,69,39,23,17,16,16,10,26,0,0,-8,0,0,0,-5,-5,-70,0,0,0,-75,0,0,0]} 1. Nf3 d5 2. c4 c6 3. e3 Nf6 4. Nc3 g6 5. d4 Bg7 6. Bd3 O-O 7. O-O Bg4 8. h3 Bxf3 9. Qxf3 e5 {D94: Grünfeld: 4 Nf3 Bg7 5 e3} (9... Qd6 $11 {remains equal.}) (9... e6 10. Rd1 Nbd7 11. Qe2 a6 12. Bd2 Re8 13. Rac1 Rc8 14. b3 Qe7 15. Be1 Bf8 16. Qc2 Qd8 17. Bf1 Ba3 18. Rb1 Bd6 19. Rbc1 {½-½ (32) Ma,Q (2629)-Wang,Y (2679) Hangzhou 2018}) 10. dxe5 $16 Nfd7 11. cxd5 Nxe5 {[%mdl 64] Double Attack. White is better.} 12. Qd1 cxd5 13. Be2 Nbc6 14. Qxd5 $146 ({Predecessor:} 14. Nxd5 Rc8 15. e4 Qh4 16. f4 Nd7 17. Be3 {1-0 (31) Kotov,A-Ragozin,V Moscow 1948}) 14... Qe7 15. f4 Rad8 16. Qe4 $1 f5 17. Qa4 Nf7 18. Bf3 Qc5 19. Qb3 Na5 20. Qb5 Qxb5 21. Nxb5 a6 22. Nd4 {aiming for Ne6.} Rfe8 23. Rd1 Nc4 {[#]} 24. Kf2 $1 ({But not} 24. Bxb7 $6 Rxe3 25. Bxa6 Rxd4 $11) 24... Ncd6 {[#]} 25. g4 (25. b3 $1 $16) 25... Ne4+ $14 26. Bxe4 Rxe4 27. gxf5 Bxd4 28. fxg6 hxg6 29. Rxd4 Rdxd4 30. exd4 {[%mdl 4096] Endgame KRB-KRN} Nd6 31. d5 Nf5 32. Bd2 Rd4 33. Bc3 Rxf4+ 34. Ke2 Re4+ 35. Kd3 Re3+ (35... Rh4 $11 {keeps the balance.}) 36. Kc4 $16 Rxh3 37. Kc5 Kf7 (37... Rd3 $14) 38. Rd1 {Threatens to win with d6.} Ke7 39. Kb6 Ne3 $1 {[%cal Re3d1]} 40. Rd4 {Strongly threatening Kc7.} (40. d6+ {with more complications.} Kd7 41. Rd4 Nf5 42. Rg4 Nxd6 43. Bb4) 40... Kd6 $1 41. Kxb7 {Hoping for Bb4+.} Nxd5 42. Rd2 Kc5 43. Be5 Rh7+ 44. Kb8 Rf7 45. Rc2+ Kb5 46. Bd6 {And now Rc5+ would win.} Rd7 47. Ba3 ({Don't go for} 47. Rc5+ $2 Kb6 $19) (47. Bh2 $11) 47... Rd8+ (47... g5 $15 48. Rh2 Rg7) 48. Kb7 Rd7+ (48... a5 $11 49. Rc5+ Ka4) 49. Kb8 $17 Rd8+ ({Black should try} 49... a5 $17 {...Ka6 is the strong threat.} 50. Re2 g5) 50. Kb7 $11 Rd7+ {Accuracy: White = 59%, Black = 47%.} 1/2-1/2